Statistics for Tier 3 Countries (Trafficking in Persons 2016)

Click here to take the quiz!

General Stats

  • This quiz has been taken 6 times
  • The average score is 20 of 27

Answer Stats

Answer% Correct
Burundi
100%
Central African Republic
100%
Papua New Guinea
100%
Syria
100%
Zimbabwe
100%
Algeria
80%
Equatorial Guinea
80%
Eritrea
80%
Gambia
80%
Haiti
80%
Iran
80%
Mauritania
80%
South Sudan
80%
Sudan
80%
Uzbekistan
80%
Venezuela
80%
Belarus
60%
Belize
60%
Comoros
60%
Djibouti
60%
Guinea-Bissau
60%
Myanmar
60%
North Korea
60%
Russia
60%
Suriname
60%
Turkmenistan
60%
Marshall Islands
40%

Score Distribution

Percentile by Number Answered

Percent of People with Each Score

Your Score History

You have not taken this quiz